000 01558cam a2200421 i 4500
001 15856482
003 OSt
005 20250719142057.0
008 090806s2008 au a bc 001 0 eng c
010 _a 2009447920
020 _a9783902501103
_qpbk.
020 _a3902501103
_qpbk.
035 _a15856482
035 _a(OCoLC)368180257
040 _aGZM
_cGZM
_dDLC
041 0 _aeng
_btib
042 _apcc
050 0 0 _aBQ1267
_b.T38 2008
100 1 _aTauscher, Helmut.
245 1 0 _aCatalogue of the Gondhla proto-Kanjur /
_cHelmut Tauscher.
264 _aWien :
_bArbeitskreis für Tibetische und Buddhistische Studien Universität Wien,
_c2008.
300 _alxii, 231 pages :
_bill. (1 col.) :
_c24 cm.
336 _atext
_btxt
_2rdacontent
337 _aunmediated
_bn
_2rdamedia
338 _avolume
_bnc
_2rdacarrier
440 0 _aWiener Studien zur Tibetologie und Buddhismuskunde ;
_vHeft 72
500 _a"Concordances"--P. [173]-231.
504 _aIncludes bibliographical references (p. [lix]-lxii) and indexes.
546 _aEnglish and Tibetan.
630 0 0 _aKanjur
_vBibliography
_vCatalogs.
650 0 _aBuddhism
_vSacred books
_vBibliography
_vCatalogs.
655 7 _aBibliographies.
710 2 _aArbeitskreis für Tibetische und Buddhistische Studien (Universität Wien)
906 _a7
_bcbc
_cpccadap
_d3
_encip
_f20
_gy-gencatlg
942 _2LCS
_cREF
_n0
999 _c2764
_d2764